000 00910nam a2200277 4500
001 8528
003 BD-RjUL
005 20211208234615.0
008 140118s19621960vtua b 00100 eng
035 _a(BD-RjUL)8573
040 _aBD-RjUL
_beng
_cBD-RjUL
_dBD-RjUL
041 _aeng
082 0 0 _a332.763
_bISF 1962
100 1 _aIslam, Nurul.
_926555
245 1 0 _aForeign capital and economic development :
_bJapan, India, and Canada; studies in some aspects of absorption of foreign capital /
_cNurul Islam.
260 0 _aRutland, Vt. :
_bC.E. Tuttle Co.,
_c1960 [Printing 1962].
300 _a251 p. :
_bdiagrs. ;
_c22 cm.
500 _aBased on thesis, Harvard University.
504 _aBibliography: p. [247]-251.
504 _aIncludes index.
650 0 _aInvestments, Foreign.
_926556
650 0 _aEconomic development.
_926557
942 _2ddc
_cBK
999 _c8528
_d8528